| 000 | 01332cab a2200205 4500 | ||
|---|---|---|---|
| 001 | ABS44100 | ||
| 008 | 090401t1990 xxu||||| |||| 00| 0 eng d | ||
| 035 | _a(Sirsi) u45354 | ||
| 041 | _aeng | ||
| 100 | _aBrown, P.M. | ||
| 245 | _aChanging United Kingdom residential real estate market | ||
| 260 | _c1990 | ||
| 350 | _a0 | ||
| 490 |
_aLand Development Studies _v7(3) September 1990, 119-133(8) |
||
| 520 | _aThe residential property market is dependant upon the overall well-being of the economy, with movements of residential property prices following a cyclical movement over time. The macro-economic factors that influence prices are studied for the UK and compared with results from other countries. In the UK`s case interest rates , building costs , the number of new housing starts , disposable income, investment in other assets, inflation and expectations play important roles in the determination of residential price movements. In addition, the numbers of new housing developments that are started are determined by interest rates, disposable income, building costs and expectations of property price rises. The building costs are also determined by wage rates , interest rates and the rate of inflation. (Journal abstract) | ||
| 650 | _aHOUSE PRICES | ||
| 690 | _aHOUSING | ||
| 942 | _n0 | ||
| 948 | _c04/03/1997 | ||
| 999 |
_c28801 _d28801 |
||